Ο Καπιταλισμός στην Αμερική : μια αταξική κοινωνία
Αποθηκεύτηκε σε:
| Κύριος συγγραφέας: | |
|---|---|
| Μορφή: | Βιβλίο |
| Γλώσσα: | Greek English |
| Δημοσίευση: |
[Αθήνα] :
Ίκαρος,
[1955].
|
| Θέματα: | |
| Ετικέτες: |
Προσθήκη ετικέτας
Δεν υπάρχουν, Καταχωρήστε ετικέτα πρώτοι!
|
MARC
| LEADER | 00000cam a2200000 i 4500 | ||
|---|---|---|---|
| 001 | 1/92937 | ||
| 008 | 080901s1955 gr | ||| |||| ||gre|| | ||
| 035 | |l 10099810 | ||
| 040 | |a GR-MY-UA |b gre |e aacr | ||
| 041 | 1 | |a gre |h eng | |
| 082 | 7 | |a 330.973 |2 (22) | |
| 100 | 1 | |a Stern, Frederick Martin. | |
| 245 | 1 | 2 | |a Ο Καπιταλισμός στην Αμερική : |b μια αταξική κοινωνία / |c Frederick Martin Stern. |
| 260 | |a [Αθήνα] : |b Ίκαρος, |c [1955]. | ||
| 300 | |a 114 σ. ; |c 22 εκ. | ||
| 500 | |a Τίτλος πρωτοτύπου: Capitalism in America: a classless society. | ||
| 650 | 0 | 0 | |a Capitalism. |
| 651 | 0 | |a United States |x Economic conditions. | |
| 651 | 0 | |a United States |x Civilization. | |
| 852 | |a INST |b RHODES |c AKA |e 20080901 |h 330.973 STE |p 005400028728 |q 005400028728 |t BK |y 0 | ||
| 901 | |a BIBL4-2008-3 | ||
| 909 | |a Ρ |b 152861 | ||
| 970 | |a ΚΟΖΑ |b ΜΑΡΙΑ |z 2008/09/01 | ||